Gaming Quiz

Random Gaming or Numbers Quiz

Heroclix - Indyclix Quiz Stats

 Plays Quiz not verified by Sporcle

Support Sporcle.
Go Orange.
Score 0/48 Timer 10:00
0 Plays Today
Number Figure % Correct
67-69Hellboy
87.5%
87Hellboy
87.5%
70-72Judge Dredd
83.3%
64-66Witchblade
79.2%
93Witchblade
79.2%
34-36Lobster Johnson
66.7%
92Judge Death
66.7%
22-24Judge Hershey
62.5%
46-48The Darkness
62.5%
58-60Shi
62.5%
89Shi
62.5%
94Angelus
62.5%
19-21Johnny Alpha
58.3%
37-39Arwyn
58.3%
40-42Boon
58.3%
55-57Bron
58.3%
82-84Rasputin
58.3%
86Arwyn
58.3%
73-75Abbey Chase
54.2%
90Abbey Chase
54.2%
76-78Kabuki
50%
91Judge Anderson
50%
112-114Judge Fire
50%
115-117Judge Mortis
50%
Number Figure % Correct
118-120Judge Fear
50%
7-9Saurian Trooper
45.8%
13-15Tiger Lily
45.8%
52-54Major Maxim
45.8%
61-63Yukio
45.8%
88Hecate
45.8%
97-99Brit City Judge
45.8%
1-3Ashleigh
41.7%
31-33Arashi
41.7%
95Siamese
41.7%
4-6Tomoe
37.5%
16-18Sydney Savage
37.5%
43-45Ian Nottingham
37.5%
96Cyblade
37.5%
109-111Nemesis
37.5%
10-12Scarab
33.3%
28-30Magdalena
33.3%
49-51Natalia Kassle
33.3%
106-108Torquemada
33.3%
79-81Death Demon
29.2%
25-27Aphrodite IX
25%
85Samandahl Rey
25%
100-102Stix
25%
103-105Wulf Sternhammer
25%

You're not logged in!

Compare scores with friends on all Sporcle quizzes.
OR
Log In

From the Vault

Director Names Match-Up

by TheFlyingFinn

Hitch always makes a cameo in his own quizzes.
Remove Ads.
Support Sporcle.
Get the best of Sporcle when you Go Orange. This ad-free experience offers more features, more stats, and more fun while also helping to support Sporcle. Thank you for becoming a member.

Show Comments

Extras

Top Quizzes Today


Score Distribution

Your Account Isn't Verified!

In order to create a playlist on Sporcle, you need to verify the email address you used during registration. Go to your Sporcle Settings to finish the process.

Report this User

Report this user for behavior that violates our Community Guidelines.

Details: